000 00296nam a22001337a 4500
008 170710b xxu||||| |||| 00| 0 eng d
020 _a0915099098
041 _aeng
080 _a030
100 _a23
101 _aENC
245 _a NATURAL HEALING ENCYCLOPEDIA
_cFAILES,B.M
942 _2udc
_cBK
999 _c20168
_d20168